ERP systémy priemyselných podnikov
ERP systémy priemyselných podnikov, ich postavenie v rámci informačného systému podniku. Dôvody ich zavádzania a využívanie v podnikoch.
Gespeichert in:
| 1. Verfasser: | |
|---|---|
| Weitere Verfasser: | |
| Format: | Buchkapitel |
| Sprache: | Slowakisch |
| Schlagworte: | |
| Tags: |
Keine Tags, Fügen Sie das erste Tag hinzu!
|
MARC
| LEADER | 00000naa a2200000 4500 | ||
|---|---|---|---|
| 001 | 0182648 | ||
| 005 | 20230908075432.7 | ||
| 041 | 0 | |a slo | |
| 044 | |a CZ | ||
| 245 | 1 | 0 | |a ERP systémy priemyselných podnikov |c Gabriel Kádár, Jaroslava Kádárová |
| 520 | |a ERP systémy priemyselných podnikov, ich postavenie v rámci informačného systému podniku. Dôvody ich zavádzania a využívanie v podnikoch. | ||
| 610 | 2 | 0 | |a podnik priemyselný |
| 610 | 2 | 0 | |a systémy informačné |
| 610 | 2 | 0 | |a konkurencieschopnosť |
| 610 | 2 | 0 | |a riadenie podnikové |
| 100 | 1 | |a Kádár, Gabriel | |
| 700 | 1 | |a Kádárová, Jaroslava | |